Textbooks on Israel-Palestine : (Record no. 5516)

MARC details
000 -LEADER
fixed length control field 01277nam a22003017a 4500
003 - CONTROL NUMBER IDENTIFIER
control field OSt
005 - DATE AND TIME OF LATEST TRANSACTION
control field 20260204170428.0
007 - PHYSICAL DESCRIPTION FIXED FIELD--GENERAL INFORMATION
fixed length control field a
008 - FIXED-LENGTH DATA ELEMENTS--GENERAL INFORMATION
fixed length control field 260202b |||||||| |||| 00| 0 eng d
020 ## - INTERNATIONAL STANDARD BOOK NUMBER
International Standard Book Number 9781350233089
040 ## - CATALOGING SOURCE
Original cataloging agency Foundation University
Language of cataloging eng
Transcribing agency Foundation University
Modifying agency FULib
Description conventions rda
050 ## - LIBRARY OF CONGRESS CALL NUMBER
Classification number JA 86
Item number .2022 B67
100 ## - MAIN ENTRY--PERSONAL NAME
Personal name Borhani, Seyed Hadi,
Relator term author
9 (RLIN) 14539
245 00 - TITLE STATEMENT
Title Textbooks on Israel-Palestine :
Remainder of title the politics of education and knowledge in the west /
Statement of responsibility, etc. Seyed Hadi Borhani.
260 ## - PUBLICATION, DISTRIBUTION, ETC.
Place of publication, distribution, etc. Great Britain :
Name of publisher, distributor, etc. I.B. Tauris,
Date of publication, distribution, etc. 2022.
264 ## - PRODUCTION, PUBLICATION, DISTRIBUTION, MANUFACTURE, AND COPYRIGHT NOTICE
Copyright Date 2022.
300 ## - PHYSICAL DESCRIPTION
Materials specified resource
Extent xxvii, 234 pages :
Other physical details illustrations ;
Dimensions 24 cm.
Type of unit volume.
336 ## - CONTENT TYPE
Source rdacontent
Content type term text
Content type code txt
337 ## - MEDIA TYPE
Source rdamedia
Media type term unmediated
Media type code n
338 ## - CARRIER TYPE
Source rdacarrier
Materials specified resource
Carrier type term volume
Carrier type code nc
490 ## - SERIES STATEMENT
Series statement Unsettling colonialism in our times.
504 ## - BIBLIOGRAPHY, ETC. NOTE
Bibliography, etc. note Includes bibliographical references and index.
650 ## - SUBJECT ADDED ENTRY--TOPICAL TERM
Source of heading or term LC
Topical term or geographic name entry element Education—Political aspects
9 (RLIN) 14540
651 ## - SUBJECT ADDED ENTRY--GEOGRAPHIC NAME
Source of heading or term LC
Geographic name Israel-Palestine.
9 (RLIN) 14541
658 ## - INDEX TERM--CURRICULUM OBJECTIVE
Main curriculum objective Political Science, Master of Science in :
Subordinate curriculum objective Asian Politics ;
Curriculum code POL337
856 ## - ELECTRONIC LOCATION AND ACCESS
Uniform Resource Identifier <a href="https://drive.google.com/file/d/1tJ94F_gsqytuPAENmOy1pg9nmgzRFLnP/view?usp=sharing">https://drive.google.com/file/d/1tJ94F_gsqytuPAENmOy1pg9nmgzRFLnP/view?usp=sharing</a>
Link text Click here to view the table of content
942 ## - ADDED ENTRY ELEMENTS (KOHA)
Source of classification or shelving scheme Library of Congress Classification
Koha item type Books
Classification part JA 86
Item part .2022 B67
Call number prefix (CAS-PS)
Suppress in OPAC No
Holdings
Uniform Resource Identifier Withdrawn status Lost status Source of classification or shelving scheme Damaged status Not for loan Collection code Home library Current library Shelving location Date acquired Source of acquisition Total Checkouts Full call number Barcode Date last seen Price effective from Koha item type Accession Number
https://drive.google.com/file/d/1tJ94F_gsqytuPAENmOy1pg9nmgzRFLnP/view?usp=sharing     Library of Congress Classification     Non-fiction Foundation University Library Foundation University Library CoArts & Sciences 02/02/2026 QT   (CAS-PS) JA 86 .2022 B67 0072026015030 02/02/2026 02/02/2026 Books CAS-PS-2026030